Starnutie obyvateľstva v SR

Uložené v:
Podrobná bibliografia
Hlavný autor: Coss, Soňa
Médium: Kapitola
Jazyk:Slovak
Predmet:
Tagy: Pridať tag
Žiadne tagy, Buďte prvý, kto otaguje tento záznam!

MARC

LEADER 00000naa$a2200000$$$4500
001 0108696
005 20240502072211.5
041 0 |a slo 
044 |a SK 
245 1 0 |a Starnutie obyvateľstva v SR  |c Soňa Coss 
500 |a Abstrakt 
610 2 0 |a demografia 
610 2 0 |a obyvateľstvo 
610 2 0 |a starnutie populácie 
610 2 0 |a štatistika 
610 2 0 |a Slovensko 
100 1 |a Coss, Soňa